| 000 | 01182nas a2200385 4500 | ||
|---|---|---|---|
| 001 | BR2016004801 | ||
| 003 | BR-BrBNA | ||
| 005 | 20231205130734.0 | ||
| 007 | ta | ||
| 008 | 230509b bl.|||p| |||| 00| 00por d | ||
| 040 |
_aBR-BrBNA _bpor _cBiblioteca Nacional de Agricultura |
||
| 041 | _a(Pt) | ||
| 072 | _aL02; l40 | ||
| 100 | 1 | _aZardo, A. | |
| 100 | 1 | _aOtutumi, L.K. | |
| 100 | 1 | _aAmaral, P.F.G.P. do | |
| 100 | 1 | _aGermano, R. de M. | |
| 100 | 1 | _aFerreira, F.A. | |
| 100 | 1 | _aDourado, M.R. | |
| 100 | 1 | _aMezalira, T.S. | |
| 245 | 1 | _aDietas suplementadas com óleos essenciais não promove alterações na morfometria de vilos e criptas do duodeno de frangos de corte | |
| 650 | _aFRANGO DE CORTE | ||
| 650 | _aPINTO | ||
| 650 | _aÓLEO ESSÊNCIAL | ||
| 650 | _aRAÇÃO | ||
| 650 | _aDIETA | ||
| 650 | _aSUPLEMENTO ALIMENTAR | ||
| 650 | _aADITIVO | ||
| 650 | _aDUODENO | ||
| 650 | _aMORFOLOGIA ANIMAL | ||
| 650 | _aPERFORMANCE | ||
| 773 | 0 |
_tArquivos de Ciências Veterinárias e Zoologia da UNIPAR (Brazil) _xISSN 1415-8167 _g(Apr-Jun 2015), v. 18(2) p. 115-119 _wBR2016004801 |
|
| 909 |
_a202311 _bLúcia _c55 _dLúcia Elande |
||
| 942 |
_2AGRIS _n0 _cANA |
||
| 999 |
_c250944 _d250944 |
||